Subalterns and sovereigns: (Record no. 58867)

MARC details
000 -LEADER
fixed length control field 01180nam a22002417a 4500
005 - DATE AND TIME OF LATEST TRANSACTION
control field 20111201111957.0
010 ## - LCCN (DPL NO)
LC control number B-444798-799
020 ## - INTERNATIONAL STANDARD BOOK NUMBER
International Standard Book Number 9780195697049
Terms of availability 345.00
035 ## - SYSTEM CONTROL NUMBER
System control number B-444798-799
037 ## - SOURCE OF ACQUISITION
Source of stock number/acquisition Allied Pub/Ven
082 ## - DEWEY DECIMAL CLASSIFICATION NUMBER
Classification number 307.72
100 ## - MAIN ENTRY--PERSONAL NAME
Personal name Sundar, Nandini
245 ## - TITLE STATEMENT
Title Subalterns and sovereigns:
Statement of responsibility, etc by Nandini Sundar
Remainder of title an anthorpological history of Bastar, 1857-2006 /
250 ## - EDITION STATEMENT
Edition statement 2nd ed.
260 ## - PUBLICATION, DISTRIBUTION, ETC. (IMPRINT)
Place of publication, distribution, etc New Delhi
Name of publisher, distributor, etc Oxford University Press
Date of publication, distribution, etc 2011
270 ## - ADDRESS
Address YMCA Library Building , Jai Shingh Road,
City New Delhi
Postal code 110001
300 ## - PHYSICAL DESCRIPTION
Extent xxvi, 326p.
Dimensions 22cm(pbk)
Other physical details photos
500 ## - GENERAL NOTE
General note Includes glossary, bibliographical references & index
942 ## - ADDED ENTRY ELEMENTS (KOHA)
Source of classification or shelving scheme Dewey Decimal Classification
Item type English Books
Call number suffix SUN
Classification part 307.72
Holdings
Withdrawn status Lost status Not for loan Collection code Home library Current library Date acquired Source of acquisition Cost, normal purchase price Full call number Barcode Copy number Cost, replacement price Koha item type
      Non-fiction Central Library Central Library 05/01/2012 Allied/1045/13.09.11/78/14.3.11/12.10.2011 345.00 307.72 SUN B-444798 1 345.00 English Books
      Non-fiction Sarojini Nagar Sarojini Nagar 05/01/2012 Allied/1045/13.09.11/78/14.3.11/12.10.2011 345.00 307.72 SUN B-444799 1 345.00 English Books

© Delhi Public Library
Hit Counter
free hit counter